[Event "Boeing Class"]
[Site "?"]
[Date "1983.02.22"]
[Round "3"]
[White "Bailey, B."]
[Black "Hill, D."]
[Result "1/2-1/2"]
[WhiteElo "2200"]
[BlackElo "2000"]
[Annotator "Stockfish 12 (15s)"]
[PlyCount "68"]

{C88: Closed Ruy Lopez: Anti-Marshall Systems} 1. e4 e5 2. Nf3 Nc6 3. Bb5 a6 4.
Ba4 Nf6 5. O-O Be7 6. Re1 b5 7. Bb3 O-O 8. a4 Bb7 9. axb5 axb5 10. Rxa8 Qxa8
11. d3 d6 12. Nc3 (12. c3 Na5 (12... b4 13. Nbd2 Nd7 14. d4 bxc3 15. bxc3 exd4
16. cxd4 Qa1 17. Qc2 Rc8 18. Bxf7+ Kxf7 19. Qb3+ Kf8 20. Qxb7 Qa8 21. Qb5 Nf6
22. Qf5 Qa5 {1-0 (22) Czerwonka,E (1929)-Janke,J (1555) Berlin 2006}) 13. Bc2
c5 14. Nbd2 Nc6 15. Nf1 b4 16. Ng3 bxc3 17. bxc3 Bc8 18. h3 Be6 19. Nf5 Bxf5
20. exf5 Nd5 21. Bd2 Qa3 22. Bb3 Nc7 23. Re4 Rb8 24. Bc2 Nd5 25. Rc4 Qb2 26. d4
Nb6 {Bisco,I (2141)-Sarmir,M (2114) Slovakia 1999 0-1 (79)}) 12... Na7 13. Bg5
$146 (13. Be3 c5 14. h3 Rc8 15. Ba2 Nc6 16. Bb3 Qa6 17. Qa1 Qb6 18. Nd5 Nxd5
19. Bxd5 Nb4 20. Bxb7 Qxb7 21. Qd1 c4 22. dxc4 Rxc4 23. c3 Na6 24. Qd5 Qxd5 25.
exd5 b4 26. Nd2 Rc8 27. c4 f5 {Kamal,F-Hassan,J Istanbul 2000 1/2-1/2 (56)})
13... b4 14. Bxf6 Bxf6 15. Nd5 Bxd5 16. Bxd5 (16. exd5 $6 Nc8 $11) 16... c6 17.
Bb3 Nb5 18. Qa1 (18. Qd2 Qa5 19. Rb1 Nc7 $14) 18... Qb7 (18... g6 19. g3 $11)
19. Qa5 (19. h4 $5 $14) 19... Nc7 $11 20. Qa2 g6 21. Ra1 Ra8 22. Qb1 (22. Bxf7+
$4 Kg7 23. Qb1 Rxa1 24. Qxa1 Kxf7 $19) 22... d5 23. Rxa8+ Qxa8 24. Qa2 (24. Qe1
$142 $14) 24... Qb7 (24... Qxa2 25. Bxa2 Kf8 26. exd5 cxd5 27. c3 $11) 25. Nd2
(25. Qa5 $142 $5 $16) 25... Be7 26. Qa5 Kg7 27. g3 Nb5 28. Nf3 Kf6 (28... dxe4
29. dxe4 f5 30. exf5 $11) 29. exd5 cxd5 30. Ba4 e4 31. dxe4 dxe4 32. Bxb5 exf3
33. Bc4 Qe4 34. Qd5 Qe1+ 1/2-1/2

[Event "Boeing Class"]
[Site "?"]
[Date "1983.04.05"]
[Round "4"]
[White "Christie, H."]
[Black "Bailey, B."]
[Result "1-0"]
[WhiteElo "1946"]
[BlackElo "2200"]
[Annotator "Stockfish 12 (15s)"]
[PlyCount "59"]

{D27: Queen's Gambit Accepted: Classical main line: 7 e4!? and 7 a4} 1. d4 d5
2. c4 dxc4 3. Nf3 Nf6 4. e3 e6 5. Bxc4 a6 6. a4 c5 7. O-O Nc6 8. Nc3 Be7 9. Qe2
O-O 10. Rd1 Qc7 11. d5 exd5 12. Nxd5 Nxd5 13. Bxd5 Bg4 (13... Bf6 14. h3 Nb4
15. e4 Nxd5 16. exd5 Qd6 17. a5 Bd7 18. Be3 b5 19. axb6 Qxb6 20. Rd2 Bb5 21.
Qd1 Qd6 22. Qc2 Rac8 23. Rc1 c4 24. Bd4 Rcd8 25. Rcd1 Rfe8 26. Qc3 Ba4 27. Ra1
Bb5 28. Bxf6 {Milov,V (2606)-Topalov,V (2745) Prague 2002 1-0 (49)}) (13... Nb4
14. Bc4 Bg4 15. h3 Bh5 16. Bd2 Rad8 17. Bxb4 cxb4 18. Bd5 Rd6 19. e4 Rfd8 20.
g4 Bg6 21. Ne5 Rf6 22. Nxg6 Bc5 23. Rd3 Rxf2 24. Qxf2 Bxf2+ 25. Kxf2 hxg6 26.
Rf3 Qh2+ 27. Ke3 Qxb2 28. Raf1 {
Dvoretska,O (2166)-Kalinina,O (2022) Alushta 2005 0-1 (37)}) 14. Bd2 $146 (14.
h3 Bh5 15. Bd2 (15. b3 Bf6 16. Bb2 Bxb2 17. Qxb2 Nb4 18. Bc4 Bxf3 19. gxf3 Rad8
20. Kf1 Rd7 21. Ke2 Rfd8 22. Rxd7 Qxd7 23. Rg1 g6 24. Qf6 Nc6 25. f4 Re8 26.
Rg3 Nd4+ 27. Ke1 Nf5 28. Rg2 Nd6 29. Bd5 Nf5 {
Rossetto,H-Pilnik,H La Plata 1944 1/2-1/2 (54)}) 15... Bf6 16. Bc3 Bxc3 17.
bxc3 Rab8 18. Qc4 Ne7 19. Rab1 Nxd5 20. Rxd5 Bxf3 21. gxf3 Qc6 22. Rbd1 b6 23.
f4 h6 24. f5 Qf6 25. Kh2 Rbd8 26. Qxa6 Rxd5 27. Rxd5 Qxc3 28. Qxb6 Qc2 {
Kaman,A (2180)-Herpai,J (2230) Hungary 1999 1/2-1/2 (50)}) (14. Qc4 Bh5 15. Bd2
Bxf3 16. Bxf3 Ne5 17. Qe2 Nxf3+ 18. Qxf3 Bf6 19. Rab1 b5 20. axb5 axb5 21. Qe2
Rab8 22. h3 h6 23. Be1 Qc6 24. Ra1 Ra8 25. Rxa8 Rxa8 26. Qc2 g6 27. Rc1 Ra2 28.
Qxc5 Qxc5 {Szabo,Z (2295)-Izsak,G (2430) Hungary 1995 0-1 (33)}) 14... Bf6 (
14... Rad8 15. Qc4 Bxf3 16. gxf3 $11 (16. Bxf3 $143 Ne5 17. Qe4 Nxf3+ 18. Qxf3
b5 $17)) 15. Bc3 (15. h3 Bh5 $16) 15... Bxc3 16. bxc3 Rad8 17. Qc4 (17. h3 Bc8
$11) 17... Ne5 $11 18. Nxe5 Bxd1 19. Nxf7 Rxf7 20. Rxd1 Kh8 21. Rb1 {
Attacks the backward pawn on b7} Rf6 22. e4 (22. g3 Qe5 23. e4 Rf3 24. Qxc5
Rxc3 $11) 22... Qf4 (22... Rdf8 $142 $5 23. Rf1 g5 $15) 23. Qxc5 $11 Qd2 (23...
b5 24. Qe3 Qxe3 25. fxe3 bxa4 26. h4 $11) 24. g3 (24. c4 b6 25. Qe3 Qa2 $16)
24... Rdf8 $2 (24... b5 $5 25. axb5 axb5 $11) 25. Rf1 (25. f4 $142 Rb8 26. Qd4
$16) 25... b6 $4 (25... Rf3 26. c4 Qb2 $11) 26. Qd4 $18 Qb2 $4 (26... Qxd4 27.
cxd4 Rd6 $18) 27. e5 Rg6 (27... Rf5 28. Be4 Rh5 $18) 28. Bf7 $1 Qe2 (28... Rxf7
29. Qd8+ {Mate attack Clearance}) 29. Bxg6 hxg6 30. Qxb6 1-0

[Event "Boeing Class"]
[Site "?"]
[Date "1983.04.12"]
[Round "5"]
[White "Bailey, B."]
[Black "Glasscock, G."]
[Result "1-0"]
[WhiteElo "2200"]
[BlackElo "1750"]
[Annotator "Stockfish 12 (15s)"]
[PlyCount "67"]

{C91: Closed Ruy Lopez: 7...d6 8 c3 0-0 9 d4} 1. e4 e5 2. Nf3 Nc6 3. Bb5 a6 4.
Ba4 Nf6 5. O-O b5 6. Bb3 Be7 7. Re1 O-O 8. d4 d6 9. c3 Bg4 10. d5 Nb8 11. Nbd2
Nbd7 12. h3 (12. Nf1 Re8 13. h3 (13. Ng3 Nf8 14. a4 Ng6 15. h3 Bd7 16. Qd3 Bf8
17. Bc2 Nf4 18. Bxf4 exf4 19. Nf1 g6 20. Nd4 Rb8 21. axb5 axb5 22. b4 Rb6 23.
Nd2 Bg7 24. Reb1 c6 25. Qf3 cxd5 26. exd5 Qc7 27. Rc1 Qb7 {
Ulyanovsky,V (2221)-Blalock,R (2203) Lisbon 2002 1-0 (74)}) 13... Bh5 14. Ng3
Bg6 15. Bc2 Nb6 16. Nh4 Nfd7 17. Nhf5 Bg5 18. Bxg5 Qxg5 19. h4 Qd8 20. Qf3 Qf6
21. Qg4 Bxf5 22. Nxf5 g6 23. Ng3 Kh8 24. h5 Qg7 25. Qh4 Qf6 26. Qxf6+ Nxf6 {
Rivera Kuzawka,D (2375)-Miguel Aparicio,F (2270) San Sebastian 1994 1-0 (52)})
12... Bh5 13. Nf1 h6 $146 (13... Nxe4 14. Rxe4 f5 15. Re1 e4 16. Ng3 Qe8 17.
Nxh5 Qxh5 18. Nd4 Qh4 19. Ne6 Ne5 20. f4 exf3 21. Rxe5 dxe5 22. Nxf8 f2+ 23.
Kf1 Kxf8 24. d6 Qe4 25. dxe7+ Kxe7 26. Bg5+ Ke8 27. Qd5 {
1-0 (27) Lacroix,S (1940)-Rouleau,P (1870) Montreal 1996}) (13... Nc5 14. Bc2
Bg6 15. Ng3 a5 16. Nh4 Re8 17. Nhf5 Bf8 18. b4 Ncd7 19. Bd3 axb4 20. cxb4 Qb8
21. Qe2 Ra7 22. Bxb5 Rb7 23. a4 h5 24. h4 Rc8 25. Ba6 Rxb4 26. Bxc8 Qxc8 27.
Bd2 Rb6 28. Reb1 {Acevedo,V (2117)-Coronel,D Asuncion 2001 0-1 (56)}) (13...
Ne8 14. Bc2 Bxf3 15. Qxf3 g6 16. Bh6 Ng7 17. Ne3 Bg5 18. Bxg7 Kxg7 19. g3 Nb6
20. b3 Qd7 21. h4 Bxe3 22. Qxe3 Qh3 23. Bd3 f5 24. Bf1 Qg4 25. Be2 Qxe4 26.
Qxe4 fxe4 27. c4 bxc4 28. bxc4 {
Murphy,R-Kraidman,Y (2455) Tel Aviv 1964 0-1 (42)}) 14. Ng3 Bg6 15. Nh4 (15.
Bc2 $14) 15... Qe8 $2 (15... Bxe4 $5 16. Nxe4 Nxe4 $14) 16. Nhf5 $16 Rc8 $2 (
16... Nh7 $142 $5 $16) 17. a4 $18 c6 $4 (17... Nh7 $142 18. Nxe7+ Qxe7 $18) 18.
dxc6 Rxc6 (18... Nc5 19. axb5 axb5 20. Ra7 $18) 19. axb5 axb5 20. Qe2 (20. Bxh6
Bxf5 21. Nxf5 g6 $18) 20... Rb6 (20... Kh7 21. Ra7 Bd8 22. Qxb5 $18) 21. Ra7 (
21. Bxh6 $5 Bxf5 22. Nxf5 g6 $18) 21... Kh8 22. Be3 Rb8 23. f3 (23. Rd1 Rg8 $18
) 23... Kh7 (23... d5 24. Bxd5 Bc5 25. Bxc5 Nxc5 26. Qe3 $18) 24. Rd1 b4 (24...
Qd8 25. Qd2 Ne8 26. Kh2 $18) 25. cxb4 (25. Nxd6 $6 Bxd6 26. Rxd6 bxc3 $16)
25... Rxb4 26. Ba4 Bxf5 (26... Rg8 27. Qd2 d5 28. exd5 Rxa4 29. Rxa4 $18) 27.
Nxf5 (27. exf5 $6 Qd8 28. Qf2 Rxa4 29. Rxa4 d5 $18) 27... Qb8 (27... Rxa4 28.
Rxa4 d5 29. exd5 $18) 28. Bxd7 Rxb2 29. Rd2 Rxd2 (29... Rb7 30. Rxb7 (30. Nxe7
$6 Rxa7 31. Bxa7 Qxa7+ 32. Qf2 Qxd7 $11) 30... Qxb7 31. Nxe7 Qxd7 32. Nf5 $18)
30. Qxd2 Bd8 (30... Ng8 31. Bc6 Bg5 32. Rb7 $18) 31. Qxd6 Nxd7 (31... Qxd6 32.
Nxd6 Nh5 33. Bf5+ Kg8 34. Nxf7 $18) 32. Rxd7 Qxd6 33. Rxd6 Ba5 34. Bd2 (34. Bd2
Bxd2 35. Rxd2 $18) 1-0

[Event "SCC Swiss"]
[Site "?"]
[Date "1990.06.15"]
[Round "1"]
[White "Phillips, R."]
[Black "Bailey, B."]
[Result "0-1"]
[WhiteElo "1615"]
[BlackElo "1737"]
[Annotator "Stockfish 14 (15s)"]
[PlyCount "56"]

{C51: Evans Gambit: Declined and Accepted without 5...Ba5} 1. e4 e5 2. Nf3 Nc6
3. Bc4 Bc5 4. b4 Bxb4 5. c3 Bc5 6. d4 exd4 7. O-O d6 8. cxd4 Bb6 9. Ba3 (9. a4
Bg4 10. Bb5 a6 11. Bxc6+ bxc6 12. a5 Ba7 13. Qd3 Ne7 14. Be3 O-O 15. Nbd2 Kh8
16. h3 Bd7 17. e5 Bf5 18. Qa3 Nd5 19. Nc4 c5 20. Rfd1 Bg6 21. Rac1 Nxe3 22.
fxe3 Qe7 23. exd6 cxd6 {
Hoiberg,N (2280)-Pilgaard,K (2260) Denmark 1989 1/2-1/2 (73)}) 9... Bg4 (9...
Nge7 10. Nc3 O-O 11. h3 Ng6 12. e5 Re8 13. exd6 cxd6 14. Nb5 Bc7 15. Nxc7 Qxc7
16. Ng5 Nd8 17. Qh5 h6 18. Qxg6 hxg5 19. Bb3 Be6 20. Qxg5 {
1/2-1/2 (20) Goreskul,A (2195)-Spackova,M Moravia 1996}) 10. h3 $2 $146 (10. e5
dxe5 11. Qb3 Qd7 12. Nxe5 Nxe5 13. dxe5 Be6 14. Bxe6 Qxe6 15. Qb4 O-O-O 16. Nc3
Qxe5 17. Rae1 Qd4 18. Qb3 Nh6 19. Nb5 Qh4 20. Be7 Qf4 21. Bxd8 Rxd8 22. h3 Rd2
23. Rc1 Rxf2 24. Rxc7+ Bxc7 {Strauss-Steinitz,W Vienna 1860 0-1 (31)}) (10.
Nbd2 $142 Nxd4 11. Bb2 $15) 10... Bxf3 $17 11. Qxf3 Qf6 12. Qxf6 (12. d5 Ne5
13. Qb3 Nxc4 14. Qxc4 Bd4 (14... Qxa1 $2 15. Nc3 Qxf1+ 16. Kxf1 $18) 15. Qxc7
Qe7 (15... Bxa1 $6 16. Bxd6 Rd8 17. e5 $15) 16. Qxe7+ Nxe7 $19) 12... Nxf6 13.
Nc3 $2 (13. d5 Na5 14. Bd3 $19) 13... Nxd4 (13... Bxd4 14. Rac1 Rf8 15. Nd5 $19
) 14. Rad1 (14. Bb2 Ne6 15. Nd5 Nd7 $19) 14... Nc6 (14... Ne6 15. Rfe1 Nd7 16.
Nd5 $19) 15. Nd5 O-O (15... Nxd5 $142 16. exd5 Ne5 17. Bb5+ Kd8 $19) 16. Nxf6+
$17 gxf6 17. Rd3 (17. Bd5 Rfe8 18. Rd3 $17) 17... Ne5 $19 18. Rg3+ Kh8 19. Bb2
(19. Be2 $19) 19... Rg8 20. Rxg8+ Kxg8 21. Be2 (21. Bxe5 dxe5 22. Rd1 Bd4 $19)
21... Re8 22. Kh2 (22. Rd1 Nd7 23. Bf3 Nc5 $19) 22... Kg7 (22... Nc6 23. Bxf6
Rxe4 24. Bf3 $19) 23. f4 (23. f3 $19) 23... Nc6 24. Rf3 (24. Bd3 Bd4 25. Ba3 a6
$19) 24... Bd4 (24... Rxe4 25. Bd3 Re1 26. Bc3 $19) 25. Rg3+ Kf8 26. Bc1 (26.
Rb3 Bxb2 27. Rxb7 Bd4 28. Rxc7 Ne7 $19) 26... Rxe4 27. Bd3 (27. Bg4 Bg1+ $1 28.
Kh1 Bc5 $19) 27... Re1 28. Bd2 (28. Rf3 Bg1+ 29. Kg3 Rxc1 $19) 28... Rd1 (28...
Rd1 29. Be1 Rxe1 $19) 0-1

[Event "SCC Swiss"]
[Site "?"]
[Date "1990.06.22"]
[Round "2"]
[White "Bailey, B."]
[Black "Eghtedari, K."]
[Result "1/2-1/2"]
[WhiteElo "1737"]
[BlackElo "1699"]
[Annotator "Stockfish 14 (15s)"]
[PlyCount "97"]

{C91: Closed Ruy Lopez: 7...d6 8 c3 0-0 9 d4} 1. e4 e5 2. Nf3 Nc6 3. Bb5 a6 4.
Ba4 Nf6 5. O-O b5 6. Bb3 d6 7. Re1 Bg4 8. c3 Be7 9. d4 O-O 10. d5 Na5 11. Bc2
Nc4 12. b3 Nb6 13. Nbd2 (13. Bd3 c6 14. dxc6 Qc7 15. Nbd2 Qxc6 16. c4 Be6 17.
Ba3 bxc4 18. Rc1 Qb7 19. bxc4 Rfc8 20. Ng5 Bd7 21. Rb1 Ng4 22. c5 Bxg5 23. Rxb6
Qc7 24. Rxd6 Be7 25. Rxa6 Bxc5 26. Bxc5 Qxc5 27. Qf3 Rxa6 {
Antonsen,O (2200)-Barda,Y (2240) Oslo 1976 0-1 (32)}) 13... Nfd7 (13... Qd7 14.
Nf1 c6 15. Be3 Qb7 16. Bxb6 Qxb6 17. Ne3 Bd7 18. Qd2 Rfe8 19. dxc6 Qxc6 20. c4
Bf8 21. Rac1 Qb7 22. Bd3 g6 23. Nd5 Nxd5 24. cxd5 h6 25. h4 Rac8 26. Rxc8 Rxc8
{1/2-1/2 (26) Rissotti,L-Geloso,C Olavarria 2006}) 14. Nf1 $146 (14. h3 Bh5 15.
Nf1 Rc8 16. Ng3 Bg6 17. Nf5 Bf6 18. Bb2 Re8 19. Qd2 Nc5 20. Rad1 Rb8 21. Nh2
Bg5 22. Qe2 Ncd7 23. g3 Bxf5 24. exf5 Nf6 25. Be4 c6 26. dxc6 Nxe4 27. Qxe4 d5
28. Qg4 Bf6 {Asfora,E-Hollmann,J Campinas 1962 1-0 (65)}) 14... f5 (14... Rc8
15. h3 Bh5 16. a4 bxa4 17. b4 $14) 15. exf5 $16 Bxf5 16. Ne3 (16. Bxf5 $142 $5
Rxf5 17. Be3 $16) 16... Bxc2 $11 17. Qxc2 Nf6 $4 (17... Qe8 $5 $11) 18. c4 (18.
Ng5 $142 Qd7 19. c4 $16) 18... b4 $4 (18... Qe8 19. Nf5 Bd8 20. Ba3 $14) 19.
Bb2 (19. Ng5 Re8 20. f4 Nbd7 $18) 19... Rc8 $4 (19... Nfd7 $5 20. a3 a5 $16)
20. Rad1 (20. Ng5 $142 Nbd7 21. a3 $18) 20... c6 $4 (20... Nfd7 $142 21. a3 a5
22. axb4 axb4 $18) 21. dxc6 Rxc6 22. Nf5 Nfd5 (22... Re8 23. Nxe5 $1 dxe5 24.
Rxd8 Bxd8 25. Rxe5 Rxe5 26. Bxe5 Re6 $18) 23. N3d4 (23. Qe4 $142 $18) 23...
exd4 24. Qe4 (24. Nxd4 $142 Rc8 25. Qe2 $18) 24... Rxf5 $16 25. Qxf5 Nc3 26.
Qe6+ (26. Rxd4 $143 d5 27. cxd5 Rf6 $15) 26... Kf8 27. Rxd4 Bf6 28. Rf4 Rc7 29.
Bxc3 $4 (29. Bc1 $142 Rf7 30. Be3 $16) 29... bxc3 $17 30. Qe3 (30. Kf1 $142 $17
) 30... Re7 $4 (30... Rf7 $142 31. Qd3 g6 $17) 31. Qxc3 $16 Kg8 (31... Nd7 $142
$16) 32. Rxf6 $4 (32. Qa5 $142 Rxe1+ 33. Qxe1 $18) 32... Rxe1+ (32... gxf6 $5
33. Rd1 Nc8 $15) 33. Qxe1 $11 Qxf6 34. Qe8+ Qf8 35. Qe6+ Kh8 36. b4 (36. c5 Nc8
$11) 36... h6 (36... Qc8 $142 37. Qxd6 Nxc4 $17) 37. c5 $11 Nc8 38. c6 Qd8 (
38... Qg8 39. Qe2 $11) 39. Qd7 $14 Qf8 40. a4 (40. c7 Nb6 41. Qe6 $11) 40...
Kh7 (40... Nb6 $142 41. Qb7 Qe8 $11) 41. c7 $4 (41. h4 $5 Ne7 42. c7 $16) 41...
Na7 $4 (41... Qe7 $142 42. Qf5+ g6 $19) 42. g3 $16 d5 $4 (42... Qf3 $142 43.
Qxd6 Qc3 $14) 43. Qxd5 $18 Qxb4 (43... Qe8 44. h4 h5 $18) 44. Qd3+ (44. Qf5+
$142 Kg8 45. c8=R+ Nxc8 46. Qxc8+ Kf7 47. Qxa6 Qe1+ 48. Qf1 $18) 44... Kh8 $14
45. Qxa6 (45. Qd8+ $5 Kh7 46. Qd3+ Kh8 47. Qd8+ Kh7 48. Qa8 $14) 45... Qe1+ $11
46. Kg2 Qe4+ 47. Kg1 Qe1+ 48. Kg2 Qe4+ 49. Kg1 1/2-1/2

[Event "SCC Swiss"]
[Site "?"]
[Date "1990.06.29"]
[Round "3"]
[White "Dubach, J."]
[Black "Bailey, B."]
[Result "1-0"]
[WhiteElo "1526"]
[BlackElo "1737"]
[Annotator "Stockfish 14 (15s)"]
[PlyCount "47"]

{C58: Two Knights: 4 Ng5 d5 5 exd5 Na5 sidelines} 1. e4 e5 2. Bc4 Nf6 3. Nf3
Nc6 4. Ng5 d5 5. exd5 Na5 6. Bb5+ c6 7. dxc6 bxc6 8. Qf3 Bb7 9. Ba4 Qc7 (9...
Bd6 10. Nc3 (10. O-O O-O 11. Nc3 h6 12. Nge4 Nxe4 13. Nxe4 c5 14. d3 Be7 15.
Qg3 Bxe4 16. dxe4 Qd6 17. Be3 Rfd8 18. Bb3 Rab8 19. Bd5 Nc6 20. f4 exf4 21.
Bxf4 Qd7 22. Bxc6 Qxc6 23. Bxb8 Qxe4 24. Bc7 Rd2 {
Holle,C (1049)-Michalik,M (834) Willingen 2006 1-0 (55)}) 10... O-O 11. d3 c5
12. Qh3 h6 13. Nge4 Nxe4 14. Nxe4 f5 15. Nxd6 Qxd6 16. c3 f4 17. Bc2 Qg6 18. f3
c4 19. O-O cxd3 20. Bb3+ Nxb3 21. axb3 Qb6+ 22. Kh1 Qxb3 23. Qh4 Qc2 24. Qe1 {
Scharf,M-Hamilton,D (2280) Siegen 1970 0-1 (39)}) 10. Nc3 $146 (10. d3 Bd6 11.
Ne4 Nxe4 12. dxe4 O-O 13. Nd2 c5 14. O-O f5 15. Qe2 Nc6 16. c3 Ne7 17. f3 Ng6
18. Bc2 Nf4 19. Qc4+ Kh8 20. g3 Ng6 21. exf5 Ne7 22. Be4 Nc6 23. Qd3 Rad8 24.
Qc2 Qf7 {Lubbe,N (1660)-Zebisch,P (1446) Seifhennersdorf 2001 1-0 (60)}) 10...
Bd6 $2 (10... O-O-O 11. d3 Kb8 12. O-O $18) 11. Nce4 (11. O-O $142 O-O-O 12. d3
$18) 11... Nxe4 12. Qxe4 $4 (12. Nxe4 $142 Be7 13. Qc3 $18) 12... h6 $11 13.
Nf3 O-O 14. d3 c5 15. Qh4 f5 {Black intends e4} 16. O-O Rf6 17. Bd2 e4 18. Bxa5
Qxa5 19. Bb3+ Kf8 $4 (19... Kh8 $142 20. Ng5 Qc7 $11) 20. Ng5 $1 $18 Be5 (20...
hxg5 21. Qh8+ {Deflection}) 21. Nh7+ Ke7 22. Nxf6 Bxf6 23. Qf4 (23. Qh5 $142 $5
Rf8 24. dxe4 fxe4 $18) 23... g5 (23... c4 24. Bxc4 Qe5 $18) 24. Qxf5 (24. Qxf5
Qb6 25. dxe4 $18) 1-0

[Event "SCC Swiss"]
[Site "?"]
[Date "1990.07.13"]
[Round "1"]
[White "Lee, A."]
[Black "Bailey, B."]
[Result "0-1"]
[WhiteElo "1409"]
[BlackElo "1737"]
[Annotator "Stockfish 14 (15s)"]
[PlyCount "86"]

{D53: Queen's Gambit Declined: 4 Bg5 Be7: Early deviations} 1. d4 d5 2. c4 dxc4
3. Nc3 Nf6 4. Bg5 e6 5. e3 Be7 6. Bxc4 a6 7. Nf3 b5 8. Be2 Bb7 9. a3 Nbd7 10.
Rc1 O-O 11. O-O Rc8 $146 (11... c5 12. dxc5 Bxc5 13. b4 Be7 14. Qd4 h6 15. Bh4
Rc8 16. Rfd1 Nb6 17. Qe5 Qc7 18. Nd5 Qd8 19. Rxc8 Nxc8 20. Nxf6+ gxf6 21. Qg3+
Kh8 22. Rxd8 Rxd8 23. Qc7 Bd5 24. Nd4 Kg7 25. Nc6 Bxc6 26. Qxc6 {
Laitinen,J-Helander,O Finland 1997 1-0}) (11... c5 $5 $11) 12. b4 $14 Nd5 13.
Bxe7 Qxe7 14. Ne4 (14. Nxd5 $142 Bxd5 15. Re1 $16) 14... Nxe3 $15 15. fxe3 Bxe4
16. Nd2 (16. Bd3 Ba8 $15) 16... Bb7 17. Bf3 Bxf3 18. Nxf3 Nb6 (18... e5 $5 $17)
19. Ne5 $15 f6 20. Nd3 (20. Nc6 $142 $5 Qd6 21. Rc5 $15) 20... Nc4 $17 21. Qe2
Qd6 (21... c6 $5 $17) 22. Nc5 e5 23. dxe5 Qxe5 24. Nxa6 $2 (24. Nd7 Qxe3+ 25.
Qxe3 Nxe3 26. Nxf8 Nxf1 $15) 24... Qxe3+ (24... Rfe8 $142 25. Rfe1 Qd6 $19) 25.
Qxe3 $15 Nxe3 26. Rfe1 {Exerts pressure on the backward pawn} Nc4 27. Rc3 Kf7
28. Rd3 $4 (28. a4 $142 c6 29. a5 $15) 28... Ne5 $19 29. Rc3 c6 30. Nc5 Rfe8 (
30... Rfd8 31. Nb3 Ra8 32. Na5 $19) 31. Kf1 $2 (31. Nb7 Nf3+ $1 32. Kf2 Nxe1 (
32... Rxe1 $6 33. Nd6+ Kf8 34. Nxc8 $11) 33. Nd6+ Ke6 34. Nxc8 Rxc8 35. Kxe1
Kd5 $19) 31... Ng4 (31... Rcd8 $142 $5 32. Nb7 Rd2 33. h4 $19) 32. h3 Rxe1+ 33.
Kxe1 Ne5 34. Nb7 (34. Nd3 Ng6 $19) 34... Ke7 35. Nc5 (35. Na5 h5 $19) 35... Rd8
36. Ke2 g6 (36... Rd4 37. Ke3 Rd1 38. Ke4 $19) 37. Nb7 (37. a4 bxa4 38. Nxa4
Rd4 $19) 37... Rd7 (37... Rd4 38. Ke3 Rd1 39. Na5 $19) 38. Nc5 Rd5 (38... Rd4
39. g4 $19) 39. Na6 $6 (39. a4 bxa4 40. Nxa4 $19) 39... Nc4 40. Nb8 (40. Ke1
Ne5 41. Nc5 h5 $19) 40... Kd6 41. Na6 (41. g4 Rd4 42. Rf3 $19) 41... Rd2+ 42.
Kf1 (42. Kf3 Ne5+ 43. Kg3 Ra2 $19) 42... Ra2 43. Rf3 (43. Rd3+ Ke5 44. Nc5 Rxa3
45. Rd7 Ne3+ 46. Kf2 $19) 43... Nd2+ (43... Nd2+ 44. Kg1 Nxf3+ 45. gxf3 Rxa3
$19) 0-1

[Event "SCC Swiss"]
[Site "?"]
[Date "1990.07.20"]
[Round "2"]
[White "Neff, E."]
[Black "Bailey, B."]
[Result "1-0"]
[WhiteElo "1622"]
[BlackElo "1728"]
[Annotator "Stockfish 14 (15s)"]
[PlyCount "85"]

{C57: Two Knights: Wilkes-Barre/Traxler and 4 Ng5 d5 5 exd5, unusual Black 5th
moves} 1. e4 e5 2. Nf3 Nc6 3. Bc4 Nf6 4. Ng5 Bc5 5. Nxf7 Bxf2+ 6. Kf1 Qe7 7.
Nxh8 d5 8. exd5 Nd4 9. c3 Bg4 10. Qa4+ Bd7 (10... Nd7 11. Kxf2 Qh4+ 12. g3 Qf6+
13. Ke1 Qf3 14. Rf1 Qe4+ 15. Kf2 O-O-O 16. cxd4 Rf8+ 17. Kg1 Qxd4+ 18. Kg2 Qe4+
19. Kg1 Rxf1+ 20. Bxf1 (20. Kxf1 Bh3+ 21. Kf2 Qg2+ 22. Ke3 Qg1+ 23. Kf3 Bg2+
24. Kg4 Qd4+ 25. Kg5 h6+ 26. Kg6 Qg4+ 27. Kf7 Qf5+ 28. Kg8 Qf8+ 29. Kh7 Be4+ {
0-1 (29) Shaw,D (2165)-Yeo,M (2244) West Bromwich 2004}) 20... Qxa4 21. Nc3
Qd4+ 22. Kg2 e4 23. Be2 Bxe2 24. Nxe2 Qd3 25. Nf4 {
Malada,V (2249)-Doric,N (2363) Rijeka 2001 0-1}) 11. Qa3 Nc2 12. Qxe7+ Kxe7 13.
Ng6+ $1 $146 (13. Kxf2 Ne4+ (13... Rxh8 14. Na3 Nxa1 15. d3 a6 16. Bg5 b5 17.
Rxa1 bxc4 18. Nxc4 h6 19. Nxe5 hxg5 20. Ng6+ Kd6 21. Nxh8 Be8 22. Re1 Kxd5 23.
Re7 c5 24. Rxg7 g4 25. Rg5+ Kd6 26. Ke3 Kc6 27. Ng6 Kb5 28. Ne5 {
Weiss,O-Kromer,T Mengen 1994 1-0 (37)}) 14. Ke2 Nd6 15. Kd1 Nxa1 16. Be2 a5 17.
b3 a4 18. b4 a3 19. Bxa3 Bf5 20. d3 Nb5 21. Rf1 Bd7 22. Nf7 Nxa3 23. Nxa3 Rxa3
24. Nxe5 Ba4+ 25. Kd2 Rxa2+ 26. Ke3 Nc2+ 27. Ke4 Be8 {
Szoverfi,L (1932)-Burakovsky,M (2068) Eger 2003 1/2-1/2 (52)}) 13... hxg6 14.
Kxf2 Bf5 15. b3 (15. Na3 $142 Nxa1 16. d3 a6 $18) 15... Nxa1 16. Ba3+ (16. Na3
$142 $5 Nc2 17. Nxc2 Bxc2 $18) 16... Kd7 17. Bb5+ (17. Rc1 $142 $5 Nc2 18. Bb2
$18) 17... c6 $16 18. dxc6+ bxc6 19. Bc4 e4 $2 (19... a5 $142 20. Bb2 Nc2 $16)
20. Bb2 Nc2 21. Na3 (21. h3 $142 g5 22. Ke2 $18) 21... e3+ $16 22. dxe3 Ng4+ (
22... Ne4+ 23. Kf3 Nd2+ 24. Ke2 Nxa3 25. Bxa3 Nxc4 26. bxc4 Rh8 27. Rd1+ Ke8
$16) 23. Kg3 Ncxe3 24. Be2 (24. Re1 $5 Re8 25. Bc1 Nxc4 26. Rxe8 Nxa3 $18)
24... Nf6 25. Bf3 Rd8 $4 (25... Nh5+ $142 26. Bxh5 gxh5 $18) 26. Re1 $18 Ned5
27. Rd1 (27. Nc4 $142 c5 28. Re5 $18) 27... Kc7 28. Nb1 (28. c4 $142 Nb4 29.
Be5+ Kc8 30. Rxd8+ Kxd8 31. Bd4 Nxa2 32. Bxc6 $18) 28... Ne4+ $4 (28... Re8
$142 29. c4 Ne3 $16) 29. Bxe4 $18 Bxe4 30. c4 Nf6 (30... Bc2 31. Rc1 Nb4 32.
Bc3 Bxb1 33. Be5+ (33. Bxb4 $6 Rd3+ 34. Kh4 Bxa2 $14) 33... Kd7 34. Rxb1 Nxa2
35. Re1 $18) 31. Rxd8 Kxd8 32. Nd2 Bc2 33. b4 (33. Kf3 $142 Kc7 34. h3 $18)
33... a6 $4 (33... Ne4+ $142 34. Nxe4 Bxe4 $16) 34. Nf3 (34. Bxf6+ $142 gxf6
35. Kf2 c5 36. bxc5 Ke8 $18) 34... Ke7 (34... Ne4+ 35. Kf4 c5 36. a3 $18) 35.
Kf4 Ba4 (35... Nd7 36. Bd4 $18) 36. Kg5 (36. Bxf6+ $142 gxf6 37. Ke3 c5 38.
bxc5 a5 $18) 36... Bc2 37. Ne5 Ne4+ 38. Kxg6 Nc3+ (38... Kf8 39. Ba3 Nf6+ 40.
Kg5 Ke8 $18) 39. Kxg7 Nxa2 (39... Ne4 40. g4 $18) 40. Nxc6+ Kd6 41. b5 axb5 (
41... Ba4 42. Nd4 a5 43. h4 $18) 42. cxb5 Kc5 43. Na7 1-0